Completion notices (Record no. 101566)

MARC details
000 -LEADER
fixed length control field 01618cam a2200325 4500
008 - FIXED-LENGTH DATA ELEMENTS--GENERAL INFORMATION
fixed length control field 010803n2001 000 0 eng u
020 ## - INTERNATIONAL STANDARD BOOK NUMBER
International Standard Book Number 1851125019
035 ## - SYSTEM CONTROL NUMBER
System control number (Sirsi) u113921
050 ## - LIBRARY OF CONGRESS CALL NUMBER
Classification number 711.1
110 ## - MAIN ENTRY--CORPORATE NAME
Corporate name or jurisdiction name as entry element Cardiff University
Location of meeting Department of City and Regional Planning
9 (RLIN) 4134
245 ## - TITLE STATEMENT
Title Completion notices
260 ## - PUBLICATION, DISTRIBUTION, ETC.
Place of publication, distribution, etc. London
Name of publisher, distributor, etc. Department for Transport, Local Government and the Regions
Date of publication, distribution, etc. 2001
300 ## - PHYSICAL DESCRIPTION
Extent 89p.
Dimensions 30cm.
350 ## - PRICE (NR) (BK AM CF MU VM SE) [OBSOLETE]
Price 14.00
490 ## - SERIES STATEMENT
Series statement DTLR Planning Research
520 ## - SUMMARY, ETC.
Summary, etc. Investigates the use by local authorities of completion notices under the Town and Country Planning Act 1990 s94-96 to direct owners and developers to complete permitted developments within a given period of time or face termination of the planning permission. Concludes that the present system is too complex, inflexible and time-consuming to be truly effective and includes recommendations for both streamlining current practice and more radical change. The research report is also available on the DTLR website at http://www.dtlr.gov.uk/planning/compres/index.htm.
650 ## - SUBJECT ADDED ENTRY--TOPICAL TERM
Topical term or geographic name entry element COMPLETION NOTICES
650 ## - SUBJECT ADDED ENTRY--TOPICAL TERM
Topical term or geographic name entry element PERMITTED DEVELOPMENT
650 ## - SUBJECT ADDED ENTRY--TOPICAL TERM
Topical term or geographic name entry element PLANNING LAW
650 ## - SUBJECT ADDED ENTRY--TOPICAL TERM
Topical term or geographic name entry element PLANNING PERMISSION
650 ## - SUBJECT ADDED ENTRY--TOPICAL TERM
Topical term or geographic name entry element PLANNING PROCESS
650 ## - SUBJECT ADDED ENTRY--TOPICAL TERM
Topical term or geographic name entry element PLANNING SYSTEM
650 ## - SUBJECT ADDED ENTRY--TOPICAL TERM
Topical term or geographic name entry element TERMINATION
650 ## - SUBJECT ADDED ENTRY--TOPICAL TERM
Topical term or geographic name entry element TOWN AND COUNTRY PLANNING ACT 1990 SS94-96
690 ## - LOCAL SUBJECT ADDED ENTRY--TOPICAL TERM (OCLC, RLIN)
Topical term or geographic name as entry element Planning and development
9 (RLIN) 6259
710 ## - ADDED ENTRY--CORPORATE NAME
Corporate name or jurisdiction name as entry element Buchanan Partnership
9 (RLIN) 4095
710 ## - ADDED ENTRY--CORPORATE NAME
Corporate name or jurisdiction name as entry element Department for Transport, Local Government and the Regions
9 (RLIN) 4091
856 ## - ELECTRONIC LOCATION AND ACCESS
Uniform Resource Identifier <a href="https://www.communities.gov.uk/index.asp?id=1143334">https://www.communities.gov.uk/index.asp?id=1143334</a>
942 ## - ADDED ENTRY ELEMENTS (KOHA)
Suppress in OPAC 0
Holdings
Withdrawn status Lost status Source of classification or shelving scheme Damaged status Not for loan Home library Current library Shelving location Date acquired Cost, normal purchase price Total Checkouts Full call number Barcode Date last seen Copy number Cost, replacement price Price effective from Koha item type
    Dewey Decimal Classification     London London Folio 20/09/2001 14.00   F711.1 DEP 30064905 06/08/2019 1 14.00 06/08/2019 Book